[Event "Olympiad"]
[Site "masterchessopen.com Tel Aviv (Israel)"]
[Round "5"]
[White "Saborido Rafael (ESP)"]
[Black "Smyslov Vassily (RUS)"]
[Result "0-1"]
[WhiteElo "2300"]
[BlackElo "2494"]

1.d4 Nf6 2.c4 g6 3.Nc3 d5 4.Nf3 Bg7 5.Bg5 Ne4 6.cxd5 Nxg5 7.Nxg5 e6 8.Nf3 exd5
9.e3 O-O 10.Be2 c6 11.O-O Be6 12.Rc1 Nd7 13.Na4 f5 14.g3 g5 15.Ne1 f4 16.exf4
gxf4 17.Bg4 Qf6 18.Bxe6+ Qxe6 19.Nf3 fxg3 20.fxg3 Rf5 21.Nc5 Nxc5 22.Rxc5 Raf8
23.Rc3 c5 24.Re1 Qh6 25.Ne5 cxd4 {#R} 0-1

[Event "Ch World (team) (students)"]
[Site "masterchessopen.com Oerebro (Sweden)"]
[Round "2"]
[White "Porrasmaa Timo (FIN)"]
[Black "Kapengut Albert Z (BLR)"]
[Result "0-1"]
[WhiteElo "2124"]
[BlackElo "2402"]

1.d4 Nf6 2.c4 g6 3.Nc3 d5 4.Nf3 Bg7 5.Bg5 Ne4 6.cxd5 Nxc3 7.bxc3 Qxd5 8.e3 Nc6
9.h3 O-O 10.Be2 e5 11.Bh4 Qa5 12.O-O Qxc3 13.Rc1 Qa5 14.Rc5 Qa3 15.Qc1 Qxc1
16.Rfxc1 exd4 17.Bb5 dxe3 18.Bxc6 exf2+ 19.Bxf2 bxc6 20.Rxc6 Bh6 21.R1c3 Bf4
22.R6c4 Bd6 23.Bc5 Be6 24.Ra4 Rfb8 25.Bxd6 cxd6 26.Rc7 Rb2 {#R} 0-1

[Event "Ch World (team) (under 26) (final B)"]
[Site "masterchessopen.com Ybbs (Austria)"]
[Date "1968.07.24"]
[Round "6"]
[White "Sirkia Mauri O (FIN)"]
[Black "Keogh Eamon (IRL)"]
[Result "1-0"]
[WhiteElo "2350"]
[BlackElo "2002"]

1.d4 Nf6 2.c4 g6 3.Nc3 d5 4.Nf3 Bg7 5.Bg5 c6 6.e3 O-O 7.Bd3 dxc4 8.Bxc4 Nbd7
9.O-O a6 10.Qe2 b5 11.Bb3 Bb7 12.Rfd1 e6 13.e4 Qb6 14.Rac1 Rfe8 15.e5 Nd5
16.Ne4 Bf8 17.Qd2 c5 18.dxc5 Nxc5 19.Rxc5 Bxc5 20.Bxd5 Bxd5 21.Nf6+ Kh8 22.Nd7
Bxf2+ 23.Kh1 Be3 24.Bxe3 Qb7 25.Nc5 Qe7 26.Qf2 f5 27.exf6 Qxf6 28.Rxd5 {#r}
1-0

[Event "Ch World (juniors)"]
[Site "masterchessopen.com Stockholm (Sweden)"]
[Round "1"]
[White "Castro Oscar H (COL)"]
[Black "Adorjan Andras (HUN)"]
[Result "1-0"]
[WhiteElo "2382"]
[BlackElo "2504"]

1.d4 Nf6 2.Nf3 g6 3.c4 Bg7 4.Nc3 d5 5.Bg5 Ne4 6.Bh4 Nxc3 7.bxc3 c5 8.e3 Nc6
9.Be2 cxd4 10.exd4 dxc4 11.Bxc4 Bg4 12.Bxf7+ Kf8 13.Bb3 Qa5 14.Qd3 Rc8 15.O-O
Qh5 16.Qc4 g5 17.Nxg5 Nxd4 18.f3 Bh3 19.Qd5 Ne2+ 20.Kf2 Nf4 21.Nxh7+ Ke8
22.Ba4+ Rc6 23.Bxc6+ bxc6 24.Qxc6+ Kf7 25.Ng5+ Kf8 26.Qa8+ {#r} 1-0

[Event "Ch World (team) (under 26)"]
[Site "masterchessopen.com Haifa (Israel)"]
[Date "1970.08.06"]
[Round "3"]
[White "Tarjan James E (USA)"]
[Black "Kristjansson Bragi (ISL)"]
[Result "0-1"]
[WhiteElo "2525"]
[BlackElo "2279"]

1.d4 Nf6 2.c4 g6 3.Nc3 d5 4.Nf3 Bg7 5.Bg5 Ne4 6.Bh4 Nxc3 7.bxc3 c5 8.e3 Nc6
9.Qb3 dxc4 10.Bxc4 O-O 11.Qa3 cxd4 12.cxd4 Bg4 13.Nd2 Nxd4 14.exd4 Qxd4 15.O-O
Qxd2 16.Rab1 Rac8 17.Qb3 e6 18.Qxb7 Bf5 19.Rfd1 Qf4 20.Rd7 Rb8 {#R} 0-1

[Event "?"]
[Site "masterchessopen.com Lublin (Poland)"]
[Round "0"]
[White "Mikenas Vladas I (EST)"]
[Black "Szilagyi Gyorgy (HUN)"]
[Result "1-0"]
[WhiteElo "2410"]
[BlackElo "2370"]

1.d4 Nf6 2.c4 g6 3.Nc3 d5 4.Nf3 Bg7 5.Bg5 Ne4 6.cxd5 Nxg5 7.Nxg5 e6 8.Qd2 exd5
9.Qe3+ Kf8 10.Qf4 Bf6 11.h4 h6 12.Nxd5 Bxg5 13.Qe5 Rh7 14.hxg5 Nc6 15.Qe4 Bf5
16.Qf3 Nxd4 17.Qa3+ Kg8 18.Ne7+ Kh8 19.O-O-O hxg5 20.Rxh7+ Kxh7 21.Nxf5 gxf5
22.e3 {#r} 1-0

[Event "Olympiad URS"]
[Site "masterchessopen.com Moscow (Russia)"]
[Round "5"]
[White "Dragomarezkij Evgeni (RUS)"]
[Black "Ragelis Petras (LTU)"]
[Result "0-1"]
[WhiteElo "2404"]
[BlackElo "2200"]

1.d4 Nf6 2.c4 g6 3.Nc3 d5 4.Nf3 Bg7 5.Bg5 Ne4 6.Bh4 Nxc3 7.bxc3 c5 8.e3 Nc6
9.cxd5 Qxd5 10.Qb3 Qxb3 11.axb3 cxd4 12.Nxd4 O-O 13.Be2 Bd7 14.Bf3 Nxd4
15.cxd4 e5 16.Bxb7 Rab8 17.Rxa7 exd4 18.e4 d3 19.Bg3 Bc3+ 20.Kd1 Be6 21.Bf4
Bxb3+ 22.Kc1 d2+ 23.Bxd2 Bd4 {#R} 0-1

[Event "It (b)"]
[Site "masterchessopen.com Amsterdam (Netherlands)"]
[Round "4"]
[White "Kovacevic Vlatko (CRO)"]
[Black "Jansa Vlastimil (CZE)"]
[Result "0-1"]
[WhiteElo "2485"]
[BlackElo "2475"]

1.d4 Nf6 2.c4 g6 3.Nc3 d5 4.Nf3 Bg7 5.Bg5 Ne4 6.cxd5 Nxg5 7.Nxg5 e6 8.Nh3 exd5
9.Nf4 O-O 10.g3 Re8 11.Bg2 Nc6 12.O-O Nxd4 13.Nfxd5 c6 14.Nf4 Bg4 15.f3 Bd7
16.e4 Qb6 17.Na4 Qa5 18.a3 Rad8 19.b4 Qg5 20.Nc5 Bc8 21.Qa4 h5 22.Rae1 h4
23.Nh3 Qd2 24.Qd1 Qc3 25.Nf4 Nc2 {#R} 0-1

[Event "?"]
[Site "masterchessopen.com Czechoslovakia"]
[Round "0"]
[White "Mista Ladislav (CZE)"]
[Black "Bagirov Vladimir (LAT)"]
[Result "0-1"]
[WhiteElo "2340"]
[BlackElo "2520"]

1.d4 Nf6 2.c4 g6 3.Nc3 d5 4.Nf3 Bg7 5.Bg5 Ne4 6.cxd5 Nxg5 7.Nxg5 e6 8.Qa4+ c6
9.dxc6 Nxc6 10.Nf3 Bd7 11.Rd1 Qb6 12.Qb3 Nxd4 13.Qxb6 Nxf3+ 14.exf3 axb6
15.Bc4 Ke7 16.Kd2 b5 17.Nxb5 Rhc8 18.Kd3 Bxb5 19.Bxb5 Rxa2 20.Rb1 Ra5 21.Bc4
Rac5 22.Bb3 Rd8+ 23.Ke3 Re5+ 24.Kf4 Rd4+ 25.Kg3 Rg5+ 26.Kh3 Rh5+ 27.Kg3 Be5+
{#R} 0-1

[Event "?"]
[Site "masterchessopen.com URS"]
[Round "0"]
[White "Bogdanov Valentin (UKR)"]
[Black "Gulko Boris F (USA)"]
[Result "0-1"]
[WhiteElo "2374"]
[BlackElo "2535"]

1.d4 Nf6 2.c4 g6 3.Nc3 d5 4.Nf3 Bg7 5.Bg5 Ne4 6.cxd5 Nxg5 7.Nxg5 e6 8.Nf3 exd5
9.e3 O-O 10.b4 c6 11.Qb3 Be6 12.Be2 Nd7 13.O-O g5 14.Rac1 a6 15.Ne1 f5 16.Nd3
f4 17.Ne4 Qe7 18.Nec5 fxe3 19.fxe3 Bf5 20.Rf3 Bg4 21.Nxd7 Bxf3 22.Bxf3 Qxe3+
23.Kf1 Bxd4 24.Nxf8 Re8 {#R} 0-1

[Event "It (open)"]
[Site "masterchessopen.com La Falda (Argentina)"]
[Round "9"]
[White "Bernat Miguel (ARG)"]
[Black "Franco Ocampos Zenon (PAR)"]
[Result "0-1"]
[WhiteElo "2380"]
[BlackElo "2501"]

1.d4 Nf6 2.c4 g6 3.Nf3 Bg7 4.Nc3 d5 5.Bg5 Ne4 6.cxd5 Nxg5 7.Nxg5 e6 8.Nf3 exd5
9.e3 O-O 10.b4 c6 11.Rc1 a6 12.Be2 Nd7 13.O-O Qe7 14.Qb3 b5 15.a4 Nb6 16.Ra1
Bg4 17.Ra2 Rfb8 18.axb5 axb5 19.Rxa8 Rxa8 20.Ne1 Bxe2 21.Nxe2 Nc4 22.Nf3 Ra3
23.Qb1 Bf8 24.Ne5 Nxe5 25.dxe5 Qxb4 26.Qc1 Qc4 27.Nd4 b4 {#R} 0-1

[Event "It"]
[Site "masterchessopen.com Rimavska Sobota (Slovakia)"]
[Round "1"]
[White "Kluger Gyula (HUN)"]
[Black "Liebert Heinz (GER)"]
[Result "0-1"]
[WhiteElo "2250"]
[BlackElo "2247"]

1.d4 Nf6 2.c4 g6 3.Nc3 d5 4.Nf3 Bg7 5.Bg5 dxc4 6.e3 Be6 7.Ne5 Nd5 8.Bxc4 Nxc3
9.bxc3 Bxc4 10.Nxc4 Qd5 11.Qb3 b5 12.Na3 Qxg5 13.Nxb5 Na6 14.Qa4 c6 15.Nd6+
exd6 16.Qxc6+ Ke7 17.Qb7+ Ke6 18.Qxa6 Qxg2 19.Ke2 Rhc8 20.c4 Bxd4 21.exd4 Qe4+
22.Kd2 Qxd4+ 23.Ke2 Rxc4 {#R} 0-1

[Event "Ch Yugoslavia"]
[Site "masterchessopen.com Zagreb (Croatia)"]
[Round "0"]
[White "Rajkovic Dusan (SRB)"]
[Black "Hulak Krunoslav (CRO)"]
[Result "1-0"]
[WhiteElo "2495"]
[BlackElo "2525"]

1.d4 Nf6 2.c4 g6 3.Nc3 d5 4.Nf3 Bg7 5.Bg5 Ne4 6.cxd5 Nxg5 7.Nxg5 e6 8.Qd2 h6
9.Nh3 exd5 10.Nf4 O-O 11.e3 c5 12.dxc5 d4 13.exd4 Bxd4 14.O-O-O Nc6 15.Bc4 g5
16.Nb5 Bxc5 17.Qc3 Bb4 18.Bxf7+ Rxf7 19.Rxd8+ Nxd8 20.Qxb4 Rxf4 21.Qe7 Bf5
22.Nd6 Bg6 23.f3 Nf7 24.Rd1 g4 25.Qe6 Kh7 26.Nxf7 Bxf7 27.Rd7 {#r} 1-0

[Event "It"]
[Site "masterchessopen.com Zagreb (Croatia)"]
[Round "10"]
[White "Haik Aldo (FRA)"]
[Black "Popovic Petar (SRB)"]
[Result "1-0"]
[WhiteElo "2390"]
[BlackElo "2485"]

1.d4 Nf6 2.c4 g6 3.Nc3 d5 4.Nf3 Bg7 5.Bg5 dxc4 6.e4 O-O 7.Bxc4 Bg4 8.Be2 Nfd7
9.d5 Nb6 10.Qb3 c6 11.Rd1 cxd5 12.exd5 h6 13.Be3 N8d7 14.O-O Rc8 15.Nb5 a6
16.Na7 Ra8 17.Nc6 bxc6 18.dxc6 Be6 19.Qa3 Nd5 20.cxd7 Qxd7 21.Bd4 f6 22.Bc5
Bf7 23.Rfe1 Rfc8 24.Bc4 e5 25.Rxd5 Bxd5 26.Rd1 Kh7 27.Bxd5 Rab8 28.Bg8+ {#r}
1-0

[Event "It (cat.10)"]
[Site "masterchessopen.com Baku (Azerbaijan)"]
[Round "0"]
[White "Lechtynsky Jiri (CZE)"]
[Black "Torre Eugenio (PHI)"]
[Result "1-0"]
[WhiteElo "2450"]
[BlackElo "2520"]

1.Nf3 Nf6 2.c4 g6 3.d4 Bg7 4.Nc3 d5 5.Bg5 Ne4 6.cxd5 Nxg5 7.Nxg5 e6 8.Qd2 exd5
9.Qe3+ Kf8 10.Qf4 Bf6 11.h4 h6 12.Nf3 c6 13.e4 dxe4 14.Nxe4 Kg7 15.Bc4 Nd7
16.Nd6 Rf8 17.h5 Qe7+ 18.Kf1 g5 19.Nf5+ Kh7 20.Qd2 Qe4 21.Re1 Qf4 22.Qc2 Kh8
23.Nxh6 Bg7 24.Nxf7+ {#r} 1-0

[Event "Ch Argentina (juniors)"]
[Site "masterchessopen.com Chacabuco (Argentina)"]
[Round "0"]
[White "Wehbe Ricardo (ARG)"]
[Black "Grushka Carlos (ARG)"]
[Result "0-1"]
[WhiteElo "2250"]
[BlackElo "2226"]

1.d4 Nf6 2.c4 g6 3.Nc3 d5 4.Nf3 Bg7 5.Bg5 Ne4 6.cxd5 Nxg5 7.Nxg5 e6 8.Qd2 exd5
9.Qe3+ Kf8 10.h4 c6 11.O-O-O Nd7 12.Qf4 Qf6 13.Qxf6 Nxf6 14.e4 h6 15.Nf3 Nxe4
{#R} 0-1

[Event "Ch Argentina"]
[Site "masterchessopen.com Quilmes (Argentina)"]
[Round "5"]
[White "Alvarez Ernesto (ARG)"]
[Black "Hase Juan C (ARG)"]
[Result "0-1"]
[WhiteElo "2260"]
[BlackElo "2395"]

1.d4 Nf6 2.Nf3 g6 3.c4 Bg7 4.Nc3 d5 5.Bg5 Ne4 6.Bh4 Nxc3 7.bxc3 dxc4 8.Qa4+
Qd7 9.Qxc4 O-O 10.Bg3 Nc6 11.e4 b6 12.Qd5 Qe8 13.Bxc7 Bb7 14.Bb5 Rc8 15.Be5
Nxe5 16.Qxe5 Bc6 17.Bxc6 Qxc6 18.Qg5 Qxc3+ 19.Ke2 Qb2+ 20.Ke3 Rc3+ 21.Kf4 Qxf2
22.Rhf1 Qe3+ 23.Kg4 h5+ {#R} 0-1

[Event "Cup Rilton"]
[Site "masterchessopen.com Stockholm (Sweden)"]
[Round "0"]
[White "Schussler Harry (SWE)"]
[Black "Blomstrom Lars (SWE)"]
[Result "1-0"]
[WhiteElo "2420"]
[BlackElo "2153"]

1.d4 Nf6 2.Nf3 g6 3.c4 Bg7 4.Nc3 d5 5.Bg5 Ne4 6.cxd5 Nxg5 7.Nxg5 e6 8.Nf3 exd5
9.b4 O-O 10.e3 Nc6 11.b5 Ne7 12.Be2 Qd6 13.O-O Bd7 14.Ne1 Rae8 15.Nd3 Nf5
16.Bf3 Nh4 17.Nc5 c6 18.Nxb7 Nxf3+ 19.Qxf3 Qe7 20.Nc5 cxb5 21.Qxd5 {#r} 1-0

[Event "Ch World (juniors) (under 16)"]
[Site "masterchessopen.com Embalse"]
[Round "7"]
[White "Rodriguez Pablo (CHI)"]
[Black "Kekki Petri (FIN)"]
[Result "0-1"]
[WhiteElo "2084"]
[BlackElo "2335"]

1.d4 Nf6 2.c4 g6 3.Nc3 d5 4.Nf3 Bg7 5.Bg5 Ne4 6.Bh4 c6 7.cxd5 cxd5 8.Qb3 Nxc3
9.Qxc3 Nc6 10.e3 O-O 11.Bd3 Bg4 12.Nd2 Rc8 13.Qa3 Qb6 14.O-O e5 15.Qb3 Qa5
16.Qc3 Nb4 17.Nb3 Rxc3 18.bxc3 Qb6 19.cxb4 exd4 20.h3 Be6 21.Be7 dxe3 22.Bc5
Qd8 23.Nd4 exf2+ 24.Rxf2 b6 25.Nxe6 fxe6 26.Rxf8+ Bxf8 {#R} 0-1

[Event "Zt (cat.12)"]
[Site "masterchessopen.com Yerevan (Armenia)"]
[Round "1"]
[White "Zaitsev Igor A (RUS)"]
[Black "Tukmakov Vladimir B (UKR)"]
[Result "0-1"]
[WhiteElo "2465"]
[BlackElo "2555"]

1.d4 Nf6 2.c4 g6 3.Nc3 d5 4.Nf3 Bg7 5.Bg5 Ne4 6.Qc1 h6 7.Bf4 Nxc3 8.bxc3 c5
9.cxd5 Qxd5 10.e3 Nc6 11.h3 Bf5 12.Be2 Rc8 13.Qd2 g5 14.Bg3 cxd4 15.cxd4 O-O
16.Rc1 e5 17.Rc5 Qe4 18.dxe5 Rfd8 19.Qb2 Nb4 20.Rxc8 Rxc8 21.a3 Nd3+ 22.Bxd3
Qxd3 23.Nd4 Be4 24.h4 Bf8 {#R} 0-1

[Event "Ch Netherlands (1/2 final)"]
[Site "masterchessopen.com Eindhoven (Netherlands)"]
[Round "7"]
[White "Grooten Herman (NED)"]
[Black "Peelen Piet (NED)"]
[Result "1-0"]
[WhiteElo "2340"]
[BlackElo "2354"]

1.d4 Nf6 2.c4 g6 3.Nc3 d5 4.Nf3 Bg7 5.Bg5 Ne4 6.Bh4 Nxc3 7.bxc3 c5 8.e3 Nc6
9.Rc1 O-O 10.cxd5 Qxd5 11.c4 Qd6 12.d5 Ne5 13.Nd2 f5 14.Be2 e6 15.O-O exd5
16.cxd5 Qxd5 17.Be7 Re8 18.Rxc5 Qf7 19.Bd6 Nc6 20.Nf3 h6 21.Nd4 Nxd4 22.exd4
Re4 23.Rc7 Qe8 24.Bd3 Be6 25.Bxe4 fxe4 26.d5 Bf5 27.Be7 Be5 28.d6 {#r} 1-0

[Event "Cup Mitropa"]
[Site "masterchessopen.com Lienz (Austria)"]
[Date "1983.10.27"]
[Round "5"]
[White "Kirsch Gerard (LUX)"]
[Black "Hoelzl Franz (AUT)"]
[Result "0-1"]
[WhiteElo "1957"]
[BlackElo "2336"]

1.d4 Nf6 2.c4 g6 3.Nc3 d5 4.Nf3 Bg7 5.Bg5 Ne4 6.Bh4 Nxc3 7.bxc3 dxc4 8.e4 b5
9.Be2 c6 10.O-O Nd7 11.Qc2 Nb6 12.Nd2 O-O 13.f4 c5 14.dxc5 Na4 15.Nxc4 Nxc3
16.Ne5 Bxe5 17.fxe5 Qd4+ 18.Bf2 Qxe5 19.Bf3 Be6 20.Rfc1 b4 21.Kh1 a5 22.a3 Nb5
23.axb4 axb4 24.Bg3 Qxa1 {#R} 0-1

[Event "Bundesliga 1984/85"]
[Site "masterchessopen.com Germany"]
[Round "0"]
[White "Meyer Peter (GER)"]
[Black "Waldschlaeger Juergen (GER)"]
[Result "1-0"]
[WhiteElo "2086"]
[BlackElo "2169"]

1.d4 Nf6 2.Nf3 g6 3.c4 Bg7 4.Nc3 d5 5.Bg5 Ne4 6.cxd5 Nxg5 7.Nxg5 c6 8.dxc6
Nxc6 9.d5 e6 10.Nxf7 Qa5 11.Nd6+ Ke7 12.Ne4 exd5 13.Qxd5 Qb4 14.Qc5+ Qxc5
15.Nxc5 Nb4 16.Rc1 Bxc3+ 17.bxc3 Nxa2 18.Rc2 b6 19.Nd3 Be6 20.c4 b5 {#r} 1-0

[Event "It (open)"]
[Site "masterchessopen.com Hamburg (Germany)"]
[Round "0"]
[White "Douven Rudy C (NED)"]
[Black "Ghinda Mihail-Viorel (ROM)"]
[Result "0-1"]
[WhiteElo "2389"]
[BlackElo "2432"]

1.d4 Nf6 2.Nf3 g6 3.c4 Bg7 4.Nc3 d5 5.Bg5 Ne4 6.Bh4 Nxc3 7.bxc3 dxc4 8.e3 b5
9.a4 c6 10.Be2 a6 11.Nd2 O-O 12.Bf3 Ra7 13.O-O h6 14.Qc1 f5 15.Rd1 Rd7 16.Bg3
Bb7 17.Qb2 Qc8 18.Qb4 c5 19.Qb1 cxd4 20.cxd4 Bxf3 21.Nxf3 Rb7 22.axb5 axb5
23.Qb4 Kh7 24.Rdc1 Nc6 25.Qc5 Nxd4 26.exd4 Qxc5 27.dxc5 Bxa1 28.c6 Ra7 {#R}
0-1

[Event "?"]
[Site "masterchessopen.com Nethanya (Israel)"]
[Round "0"]
[White "Kaiser Wolfgang (GER)"]
[Black "Pein Malcolm (ENG)"]
[Result "0-1"]
[WhiteElo "2294"]
[BlackElo "2382"]

1.d4 Nf6 2.c4 g6 3.Nc3 d5 4.Nf3 Bg7 5.Bg5 dxc4 6.e4 O-O 7.Bxc4 Bg4 8.Be2 Nfd7
9.O-O Bxf3 10.Bxf3 Nc6 11.e5 Nb6 12.Bxc6 bxc6 13.Qg4 f6 14.Bh4 Kh8 15.Rad1 Rb8
16.b3 Nd5 17.exf6 exf6 18.Qf3 Re8 19.Ne4 Qe7 20.Rfe1 g5 21.Bg3 g4 22.Qxg4 Nc3
23.Rd3 Nxe4 24.Rde3 f5 25.Qxf5 Nxg3 26.Rxe7 Rxe7 27.Qb1 Ne2+ 28.Kf1 Rbe8 {#R}
0-1

[Event "It"]
[Site "masterchessopen.com Stary Smokovec (Slovakia)"]
[Round "3"]
[White "Utasi Tamas (HUN)"]
[Black "Banas Jan (SVK)"]
[Result "1-0"]
[WhiteElo "2350"]
[BlackElo "2360"]

1.d4 Nf6 2.c4 g6 3.Nc3 d5 4.Nf3 Bg7 5.Bg5 Ne4 6.cxd5 Nxg5 7.Nxg5 e6 8.Qd2 exd5
9.Qe3+ Kf8 10.Qf4 Bf6 11.h4 c6 12.e4 dxe4 13.O-O-O Kg7 14.Bc4 Rf8 15.Ncxe4 Nd7
16.Nd6 Qa5 17.Ngxf7 Nb6 18.Qh6+ {#r} 1-0

[Event "Ch World (juniors) (under 20)"]
[Site "masterchessopen.com Kiljava (Finland)"]
[Date "1984.08.17"]
[Round "13"]
[White "Saeed Saeed-Ahmed (UAE)"]
[Black "Stohl Igor (SVK)"]
[Result "1-0"]
[WhiteElo "2435"]
[BlackElo "2405"]

1.d4 Nf6 2.c4 g6 3.Nc3 d5 4.Nf3 Bg7 5.Bg5 Ne4 6.Bh4 Nxc3 7.bxc3 dxc4 8.Qa4+ c6
9.Qxc4 Qa5 10.e3 Na6 11.Qb3 Nc5 12.Qb4 Qxb4 13.cxb4 Ne4 14.Bd3 Bf5 15.b5 cxb5
16.a4 Nc5 17.Bxb5+ Bd7 18.Rb1 {#r} 1-0

[Event "Europe Tournament (corr.)"]
[Site "masterchessopen.com corr."]
[Round "0"]
[White "Kirsch Gerard (LUX)"]
[Black "Popov Ivan (SRB)"]
[Result "0-1"]
[WhiteElo "1957"]
[BlackElo "2242"]

1.d4 Nf6 2.c4 g6 3.Nc3 d5 4.Nf3 Bg7 5.Bg5 Ne4 6.cxd5 Nxg5 7.Nxg5 e6 8.Nf3 exd5
9.e3 O-O 10.Be2 c6 11.b4 Be6 12.a4 Nd7 13.O-O Qe7 14.Qb3 Rfc8 15.Rfc1 Nf6
16.Ne5 Ne4 17.Nxe4 dxe4 18.Qb2 Bxe5 19.dxe5 Bd5 20.b5 Re8 21.a5 Qxe5 22.Qxe5
Rxe5 23.a6 cxb5 24.axb7 Bxb7 25.Rc7 Bc8 26.f4 Rd5 {#R} 0-1

[Event "It"]
[Site "masterchessopen.com Habana (Cuba)"]
[Round "10"]
[White "Garcia Palermo Carlos (ITA)"]
[Black "Barreras Alberto (CUB)"]
[Result "1-0"]
[WhiteElo "2515"]
[BlackElo "2370"]

1.d4 Nf6 2.c4 g6 3.Nf3 Bg7 4.Nc3 d5 5.Bg5 Ne4 6.cxd5 Nxg5 7.Nxg5 c6 8.dxc6
Nxc6 9.d5 Ne5 10.Qa4+ Bd7 11.Qb3 O-O 12.e3 e6 13.dxe6 Qxg5 14.exd7 Nxd7 15.Rd1
Nb6 16.g3 Qa5 17.Bg2 Rac8 18.O-O Bxc3 19.bxc3 Rxc3 20.Qb2 Rb8 21.Rd4 Nc4
22.Qe2 b5 23.Rfd1 Ra3 24.Bd5 Rf8 25.Qf3 Rxa2 26.Qf6 Qc7 27.Bxc4 bxc4 28.Rd8
{#r} 1-0

[Event "Ch URS (qual)"]
[Site "masterchessopen.com Toljatti (Russia)"]
[Round "0"]
[White "Grigorian Karen (RUS)"]
[Black "Epishin Vladimir (GER)"]
[Result "0-1"]
[WhiteElo "2405"]
[BlackElo "2544"]

1.d4 Nf6 2.c4 g6 3.Nc3 d5 4.Nf3 Bg7 5.Bg5 Ne4 6.cxd5 Nxg5 7.Nxg5 e6 8.Nf3 exd5
9.e3 O-O 10.Be2 c6 11.b4 a5 12.b5 a4 13.O-O Qa5 14.Rc1 Be6 15.bxc6 bxc6 16.Ne5
{#R} 0-1

[Event "Ch World (juniors)"]
[Site "masterchessopen.com Gausdal (Norway)"]
[Round "0"]
[White "Lamoureux Charles (FRA)"]
[Black "Arencibia Walter (CUB)"]
[Result "0-1"]
[WhiteElo "2352"]
[BlackElo "2335"]

1.d4 Nf6 2.c4 g6 3.Nc3 d5 4.Nf3 Bg7 5.Bg5 Ne4 6.cxd5 Nxg5 7.Nxg5 e5 8.Nf3 exd4
9.Nxd4 c5 10.Nf3 b5 11.Qd2 O-O 12.Nxb5 Nd7 13.Rd1 Nf6 14.e3 Rb8 15.Nc3 Rxb2
16.Qxb2 Ne4 17.Qc2 Bxc3+ 18.Nd2 Qxd5 19.Bd3 Bxd2+ 20.Kf1 Bf5 21.Bxe4 Bxe4
22.Rxd2 Qc6 23.Qc3 Bxg2+ 24.Ke1 Bxh1 25.h4 Bf3 26.Qe5 Qe4 {#R} 0-1

[Event "It (open)"]
[Site "masterchessopen.com Gdynia (Poland)"]
[Round "5"]
[White "Liszka Zbigniew (POL)"]
[Black "Janocha Wieslaw (POL)"]
[Result "1-0"]
[WhiteElo "2175"]
[BlackElo "2288"]

1.d4 Nf6 2.Nf3 g6 3.c4 Bg7 4.Nc3 d5 5.Bg5 Ne4 6.cxd5 Nxg5 7.Nxg5 e6 8.Nf3 exd5
9.e3 O-O 10.Bd3 Be6 11.b4 Nd7 12.Rc1 f5 13.Qb3 Kh8 14.Ne2 c6 15.h4 Nb6 16.Nf4
Bf7 17.Ng5 Qf6 18.g3 Rae8 19.Kf1 Kg8 20.b5 Nc4 21.Kg2 Rxe3 22.fxe3 Nxe3+
23.Kh3 h6 24.Nxf7 Qxf7 25.bxc6 bxc6 26.Rxc6 g5 27.Nxd5 {#r} 1-0

[Event "Tournament (a)"]
[Site "masterchessopen.com Aarhus (Denmark)"]
[Round "2"]
[White "Kristensen Jorgen Juul (DEN)"]
[Black "Jakobsen Peter (DEN)"]
[Result "1-0"]
[WhiteElo "2264"]
[BlackElo "2230"]

1.d4 Nf6 2.c4 g6 3.Nc3 d5 4.Nf3 Bg7 5.Bg5 Ne4 6.cxd5 Nxg5 7.Nxg5 e6 8.Qd2 h6
9.Nh3 exd5 10.Nf4 c6 11.e3 a5 12.Bd3 O-O 13.O-O Nd7 14.Qc2 Nf6 15.a3 Qd6
16.Rab1 h5 17.h4 Ng4 18.g3 Bh6 19.b4 axb4 20.axb4 f5 21.b5 g5 22.hxg5 Bxg5
23.bxc6 bxc6 24.Rb6 Bd8 25.Nb5 Qe7 26.Rxc6 {#r} 1-0

[Event "Ch Europe (juniors)"]
[Site "masterchessopen.com Arnhem (Netherlands)"]
[Round "0"]
[White "Lutz Christopher (GER)"]
[Black "Manninen Marko (FIN)"]
[Result "1-0"]
[WhiteElo "2571"]
[BlackElo "2377"]

1.d4 Nf6 2.c4 g6 3.Nc3 d5 4.Nf3 Bg7 5.Bg5 Ne4 6.cxd5 Nxg5 7.Nxg5 e6 8.Nf3 exd5
9.b4 O-O 10.e3 Be6 11.Bd3 Nd7 12.O-O f5 13.Re1 g5 14.b5 c5 15.bxc6 bxc6 16.Rc1
g4 17.Nd2 c5 18.Ne2 c4 19.Nf4 Qb6 20.Nxe6 Qxe6 21.Nxc4 Nf6 22.Ne5 Ne4 23.Rc6
Qe8 24.Bxe4 dxe4 25.Qb3+ Kh8 26.Re6 {#r} 1-0

[Event "?"]
[Site "masterchessopen.com Graz (Austria)"]
[Round "9"]
[White "Gheorghiu Florin (ROM)"]
[Black "Kraut Rainer (GER)"]
[Result "1-0"]
[WhiteElo "2383"]
[BlackElo "2444"]

1.d4 Nf6 2.c4 g6 3.Nc3 d5 4.Nf3 Bg7 5.Bg5 dxc4 6.e4 c5 7.dxc5 Qa5 8.Nd2 Be6
9.Bxc4 Bxc4 10.Nxc4 Qxc5 11.Qa4+ Nc6 12.Be3 Qb4 13.Qxb4 Nxb4 14.Ke2 Rc8 15.Na3
a6 16.f3 O-O 17.Rhd1 b5 18.Rac1 e6 19.Nab1 Rfd8 20.Rxd8+ Rxd8 21.a3 Nc6
22.Nxb5 axb5 23.Rxc6 Ne8 24.Nc3 Nd6 25.Bb6 Rd7 26.b3 {#r} 1-0

[Event "It (open)"]
[Site "masterchessopen.com Philadelphia (USA)"]
[Round "0"]
[White "Bisguier Arthur B (USA)"]
[Black "Wolff Patrick G (USA)"]
[Result "1-0"]
[WhiteElo "2237"]
[BlackElo "2370"]

1.d4 Nf6 2.c4 g6 3.Nc3 d5 4.Nf3 Bg7 5.Bg5 Ne4 6.cxd5 Nxg5 7.Nxg5 e6 8.Qd2 exd5
9.Qe3+ Kf8 10.Qf4 Bf6 11.h4 c6 12.O-O-O h6 13.Nf3 Be6 14.Kb1 Nd7 15.e3 Kg7
16.Bd3 c5 17.dxc5 Nxc5 18.Nd4 Rc8 19.Bc2 a6 20.e4 dxe4 21.Nf5+ gxf5 22.Rxd8
Rhxd8 23.g4 Nd3 24.Bxd3 Rxd3 25.gxf5 Rf3 26.Qg4+ {#r} 1-0

[Event "Cup Tatran"]
[Site "masterchessopen.com Stary Smokovec (Slovakia)"]
[Round "0"]
[White "Robatsch Karl (AUT)"]
[Black "Gross Stefan (CZE)"]
[Result "0-1"]
[WhiteElo "2400"]
[BlackElo "2194"]

1.Nf3 g6 2.c4 Bg7 3.d4 Nf6 4.Nc3 d5 5.Bg5 dxc4 6.e3 Be6 7.Ne5 Nd5 8.Nxc4 c5
9.Qa4+ Nc6 10.Ne5 O-O 11.Nxc6 bxc6 12.Ba6 cxd4 13.exd4 Nxc3 14.bxc3 Qd5
15.Bxe7 Rfe8 16.Bc5 Qxg2 17.O-O-O Rab8 18.Bb4 Bf5 19.Rhf1 Qe4 20.Kb2 c5
21.Rfe1 Qxe1 22.Rxe1 Rxe1 23.dxc5 Rb1+ 24.Ka3 Bh6 25.Qc6 Bc2 {#R} 0-1

[Event "?"]
[Site "masterchessopen.com Vrnjacka Banja (Serbia)"]
[Round "0"]
[White "Lechtynsky Jiri (CZE)"]
[Black "Atanasijadis Antimos (YUG)"]
[Result "1-0"]
[WhiteElo "2375"]
[BlackElo "2280"]

1.d4 Nf6 2.Nf3 g6 3.c4 Bg7 4.Nc3 d5 5.Bg5 c6 6.e3 O-O 7.Bd3 Bg4 8.cxd5 cxd5
9.Qb3 Bxf3 10.gxf3 Nbd7 11.Qxb7 Rb8 12.Qxa7 Rxb2 13.O-O e5 14.Nxd5 exd4
15.Qxd4 Nxd5 16.Qxd5 Qc7 17.Rac1 Qa7 18.Rc6 Rxa2 19.f4 Ra5 20.Qd6 Nc5 21.Be7
Ne6 22.Re1 {#r} 1-0